Commune land use planning in kthom reay lech and kthom reay reay kaeut village, battrong commune, monkol borei district, banteay mean cheay province, ការរៀបចំផែនការប្រើប្រាស់ដីធ្លីថ្នាក់ឃុំ ក្នុងភូមិនខ្ពុំមរាយលិ​និងភូមិខ្ពុំមរាយកើត នៅឃុំបត់ត្រង់ ស្រុកបង្គលបុរី ខេត្តបន្ទាយមានជ័យ (Record no. 5634)

000 -LEADER
fixed length control field 00896nam a22001577a 4500
003 - CONTROL NUMBER IDENTIFIER
control field OSt
005 - DATE AND TIME OF LATEST TRANSACTION
control field 20160105145804.0
008 - FIXED-LENGTH DATA ELEMENTS--GENERAL INFORMATION
fixed length control field 160105b xxu||||| |||| 00| 0 eng d
040 ## - CATALOGING SOURCE
Transcribing agency RUA
082 ## - DEWEY DECIMAL CLASSIFICATION NUMBER
Classification number LMA NEO 2011 B308 Or.1
100 ## - MAIN ENTRY--PERSONAL NAME
9 (RLIN) 6039
Personal name NEOU, SEREIRATANA.
245 ## - TITLE STATEMENT
Title Commune land use planning in kthom reay lech and kthom reay reay kaeut village, battrong commune, monkol borei district, banteay mean cheay province, ការរៀបចំផែនការប្រើប្រាស់ដីធ្លីថ្នាក់ឃុំ ក្នុងភូមិនខ្ពុំមរាយលិ​និងភូមិខ្ពុំមរាយកើត នៅឃុំបត់ត្រង់ ស្រុកបង្គលបុរី ខេត្តបន្ទាយមានជ័យ
260 ## - PUBLICATION, DISTRIBUTION, ETC. (IMPRINT)
Place of publication, distribution, etc. Phnom Penh
Name of publisher, distributor, etc. RUA
Date of publication, distribution, etc. 2011
300 ## - PHYSICAL DESCRIPTION
Extent ix; 52p.
Other physical details ill.
Dimensions 29cm.
942 ## - ADDED ENTRY ELEMENTS (KOHA)
Source of classification or shelving scheme
Koha item type LMA
Holdings
Price effective from Date last seen Permanent Location Not for loan Date acquired Source of classification or shelving scheme Koha item type Barcode Lost status Damaged status Shelving location Withdrawn status Current Location Full call number
2016-01-052016-01-05Library Block B 2016-01-05 LMARUA049330   B308 Library Block BLMA NEO 2011 B308 Or.1
2016-01-052016-01-05Library Block B 2016-01-05 LMARUA016753   B308 Library Block BLMA NEO 2011 B308 Or.2
2016-01-052016-01-05Library Block B 2016-01-05 LMARUA018981   B308 Library Block BLMA NEO 2011 B308 Or.3
2016-01-052016-01-05Library Block B 2016-01-05 LMARUA049570   B308 Library Block BLMA NEO 2011 B308 Or.4
2016-01-052016-01-05Library Block B 2016-01-05 LMARUA049510   B308 Library Block BLMA NEO 2011 B308 Or.5
2016-01-052016-01-05Library Block B 2016-01-05 LMARUA049390   B308 Library Block BLMA NEO 2011 B308 Or.6
2016-01-052016-01-05Library Block B 2016-01-05 LMARUA049450   B308 Library Block BLMA NEO 2011 B308 Or.7
2016-01-052016-01-05Library Block B 2016-01-05 LMARUA050671   B308 Library Block BLMA NEO 2011 B308 Or.8
មជ្ឈមណ្ឌលឯការនៃសាកលវិទ្យាល័យភូមិន្ទកសិកម្មចំការដូង

Powered by Koha